Der All-Age-Code : Mehrfachadressierende Verfahren in Die drei ??? /
Die Dissertation untersucht, wie sich die Krimireihe "Die drei ???" von einer klassischen Kinder- und Jugendserie zu einem generationsübergreifenden Kultphänomen entwickelt hat. Sie analysiert, wie die Serie Kinder, Jugendliche und Erwachsene langfristig bindet. Mithilfe literatur- und med...
المؤلف الرئيسي:
التنسيق: كتاب الكتروني
اللغة:
English
German
منشور في:
Paderborn :
Ferdinand Schöningh, Brill | Fink,
2025.
سلاسل:
Inter/Media ;
26.
Schöningh and Fink Literature and Culture Studies E-Books Online, Collection 2025.
الموضوعات:
الوصول للمادة أونلاين: Login to view Source
الوسوم: إضافة وسم
رقم الطلب: TR140.A3
| LEADER | 02751nam a22004818i 4500 | ||
|---|---|---|---|
| 001 | BRILL9783846769706 | ||
| 003 | nllekb | ||
| 005 | 20250915080727.0 | ||
| 006 | m d | ||
| 007 | cr un uuuua | ||
| 008 | 250731s2025 gw sb 001 0 eng d | ||
| 020 | |a 9783846769706 |q (electronic book) | ||
| 020 | |z 9783770569700 |q (print) | ||
| 024 | 7 | |a 10.30965/9783846769706 |2 DOI | |
| 035 | |z (OCoLC)1518685381 | ||
| 040 | |a NL-LeKB |c NL-LeKB |e rda | ||
| 041 | |a ger | ||
| 050 | 4 | |a TR140.A3 | |
| 072 | 7 | |a APW |2 bicssc | |
| 072 | 7 | |a PER |x 008000 |2 bisacsh | |
| 082 | 0 | 4 | |a 770 |2 23 |
| 100 | 1 | |a Thierauf, Isabell, |e author. | |
| 245 | 1 | 0 | |a Der All-Age-Code : |b Mehrfachadressierende Verfahren in Die drei ??? / |c Isabell Thierauf. |
| 246 | 3 | |a Mehrfachadressierende Verfahren in Die drei ??? | |
| 264 | 1 | |a Paderborn : |b Ferdinand Schöningh, Brill | Fink, |c 2025. | |
| 264 | 4 | |c ©2025 | |
| 300 | |a 1 online resource (400 pages) : |b illustrations. | ||
| 336 | |a text |b txt |2 rdacontent | ||
| 337 | |a computer |b c |2 rdamedia | ||
| 338 | |a online resource |2 rdacarrier | ||
| 490 | 1 | |a Inter/Media ; |v 26 | |
| 490 | 1 | |a Schöningh and Fink Literature and Culture Studies E-Books Online, Collection 2025 | |
| 504 | |a Includes bibliographical references and index. | ||
| 520 | |a Die Dissertation untersucht, wie sich die Krimireihe "Die drei ???" von einer klassischen Kinder- und Jugendserie zu einem generationsübergreifenden Kultphänomen entwickelt hat. Sie analysiert, wie die Serie Kinder, Jugendliche und Erwachsene langfristig bindet. Mithilfe literatur- und medienwissenschaftlicher Methoden werden narrative Strukturen, intertextuelle Bezüge, mediale Verfahren und Marketingstrategien identifiziert, die die sogenannte "Mehrfachadressierung" ermöglichen. Ein zentrales Ergebnis der Arbeit ist die Entwicklung eines Kriterienkatalogs, der die textimmanenten und außertextuellen Faktoren erfasst, die den All-Age-Erfolg bedingen. Die Untersuchung zeigt, dass "Die drei ???" nicht nur als Kinderkrimi, sondern als "gewachsene" kulturbedeutsame All-Age-Reihe zu verstehen sind - ein Beispiel für die erfolgreiche Transformation eines Kinderformats zu einem wirtschaftlich bedeutenden, generationsübergreifenden Phänomen. | ||
| 546 | |a German | ||
| 588 | |a Description based on print version record. | ||
| 650 | 0 | |a Media Studies. | |
| 776 | 0 | 8 | |i Print version: |t Der All-Age-Code : Mehrfachadressierende Verfahren in Die drei ???. |d Paderborn : Ferdinand Schöningh, Brill | Fink, 2025. |z 9783770569700 |
| 830 | 0 | |a Inter/Media ; |v 26. | |
| 830 | 0 | |a Schöningh and Fink Literature and Culture Studies E-Books Online, Collection 2025. | |
| 856 | 4 | |z DOI: |u http://dx.doi.org/10.30965/9783846769706 | |
| 942 | |2 lcc |c EBOOK | ||
| 999 | |c 61235 |d 61235 | ||
